blueprint for a sustainable Economy (Record no. 11183)

000 -LEADER
fixed length control field 00298nam a22001217a 4500
040 ## - CATALOGING SOURCE
Transcribing agency SY
082 ## - DEWEY DECIMAL CLASSIFICATION NUMBER
Classification number 338 DAV 2000 C092
100 ## - MAIN ENTRY--AUTHOR NAME
Personal name Divid Pearce Edward Barbier
245 ## - TITLE STATEMENT
Title blueprint for a sustainable Economy
260 ## - PUBLICATION, DISTRIBUTION, ETC. (IMPRINT)
Place of publication UK
Name of publisher Divid Pearce Edward Barbier
Year of publication 2000
300 ## - PHYSICAL DESCRIPTION
Number of Pages 273p
942 ## - ADDED ENTRY ELEMENTS (KOHA)
Koha item type សៀវភៅភាសាអង់គ្លេស
952 ## - LOCATION AND ITEM INFORMATION (KOHA)
Withdrawn status [LOCAL, KOHA] 0
Holdings
Permanent Location Date acquired Koha item type Lost status Shelving location Barcode Current Location Full call number
Library Block C2017-02-20សៀវភៅភាសាអង់គ្លេស C187A04502Library Block C338 DAV 2000 C187
មជ្ឈមណ្ឌលឯការនៃសាកលវិទ្យាល័យភូមិន្ទកសិកម្មចំការដូង

Powered by Koha